000 00446nam a2200181Ia 4500
001 18873
005 20260306171702.0
008 260306s9999||||xx |||||||||||||| ||und||
041 _aESP
082 _a658.51
_bD88
100 _aDomingo Navas, Rosario
_eAUT
245 0 _aEjercicios de organización de la producción
260 _c2002
300 _a310 páginas :
_c24 cm.
650 _aGEN
654 _aCAN
942 _cLIB
_dJUS
_fJUS
_2ddc
_n
999 _c18873
_d18873